[Event "Harbin U20 op"]
[Site "Harbin"]
[Date "2018.01.24"]
[Round "2"]
[White "Liu, Zhaoqi"]
[Black "Hou, Yifan B"]
[Result "0-1"]
[WhiteElo "2167"]
[BlackElo "1729"]
[PlyCount "120"]
[EventDate "2018.01.24"]
[EventType "tourn"]
[EventRounds "9"]
[EventCountry "CHN"]
[SourceTitle "CBM 182 Extra"]
[Source "ChessBase"]
[SourceDate "2018.02.23"]
[SourceVersion "1"]
[SourceVersionDate "2018.02.23"]
[SourceQuality "1"]

1. b3 e6 2. Bb2 d5 3. Nf3 Nf6 4. g3 Be7 5. Bg2 Nbd7 6. O-O O-O 7. c4 c6 8. d3
Qc7 9. Nbd2 Re8 10. Qc2 b6 11. cxd5 exd5 12. e4 dxe4 13. dxe4 Ba6 14. Rfe1 Nc5
15. Nc4 Rad8 16. e5 Nd5 17. a3 Ne6 18. Nd4 Nxd4 19. Bxd4 Bf8 20. Bb2 Bc8 21.
Rad1 Bg4 22. Rd4 Qc8 23. h3 Bf5 24. Be4 Bxe4 25. Rdxe4 Qf5 26. Kg2 Qg6 27. Qe2
f5 28. exf6 Nxf6 29. Rxe8 Rxe8 30. Ne5 Qf5 31. Qc4+ Qe6 32. Qxe6+ Rxe6 33. f4
Rd6 34. Re2 Nd5 35. Kf3 Nc7 36. Nc4 Rd1 37. Rd2 Rb1 38. Ne3 Nd5 39. Nd1 Bxa3
40. Ke4 Rxd1 41. Rxd1 Bxb2 42. Rd2 Bc3 43. Rc2 a5 44. g4 Kf7 45. g5 g6 46. h4
b5 47. h5 a4 48. hxg6+ hxg6 49. bxa4 bxa4 50. Ra2 Nb6 51. f5 gxf5+ 52. Kxf5 c5
53. g6+ Kg7 54. Rh2 a3 55. Rh7+ Kg8 56. Ra7 Bb2 57. g7 Nc8 58. Ra5 c4 59. Ke4
Kxg7 60. Ke3 Nd6 0-1

[Event "Harbin U20 op"]
[Site "Harbin"]
[Date "2018.01.25"]
[Round "3"]
[White "Hou, Yifan B"]
[Black "Batsuren, Dambasuren"]
[Result "0-1"]
[WhiteElo "1729"]
[BlackElo "2353"]
[PlyCount "74"]
[EventDate "2018.01.24"]
[EventType "tourn"]
[EventRounds "9"]
[EventCountry "CHN"]
[SourceTitle "CBM 182 Extra"]
[Source "ChessBase"]
[SourceDate "2018.02.23"]
[SourceVersion "1"]
[SourceVersionDate "2018.02.23"]
[SourceQuality "1"]

1. d4 Nf6 2. Nf3 c5 3. c4 e6 4. Nc3 cxd4 5. Nxd4 d5 6. e3 Bc5 7. cxd5 exd5 8.
Be2 O-O 9. O-O Nc6 10. Nb3 Bb6 11. Bf3 Be6 12. Ne2 Qe7 13. Ned4 Bd7 14. Bd2
Rfd8 15. Bc3 Ne4 16. Nxc6 bxc6 17. Rc1 a5 18. Nd2 f5 19. Bd4 c5 20. Bxe4 fxe4
21. Qb3 Rab8 22. Bc3 Qe6 23. Qa3 a4 24. b4 d4 25. Ba1 cxb4 26. Qxb4 dxe3 27.
Qc3 exf2+ 28. Kh1 Qg6 29. Nc4 Bb5 30. Qb4 Bxc4 31. Qxc4+ Kh8 32. Be5 Ra8 33.
Rcd1 e3 34. Rb1 Rac8 35. Qe2 Rc2 36. Qf3 e2 37. Rxf2 Bxf2 0-1

[Event "Harbin U20 op"]
[Site "Harbin"]
[Date "2018.01.25"]
[Round "4"]
[White "Hu, Yu A"]
[Black "Hou, Yifan B"]
[Result "1/2-1/2"]
[WhiteElo "1998"]
[BlackElo "1729"]
[PlyCount "56"]
[EventDate "2018.01.24"]
[EventType "tourn"]
[EventRounds "9"]
[EventCountry "CHN"]
[SourceTitle "CBM 182 Extra"]
[Source "ChessBase"]
[SourceDate "2018.02.23"]
[SourceVersion "1"]
[SourceVersionDate "2018.02.23"]
[SourceQuality "1"]

1. e4 c5 2. Nf3 Nc6 3. d4 cxd4 4. Nxd4 Qc7 5. Nc3 e6 6. Be3 a6 7. Be2 Nf6 8.
O-O Bb4 9. Na4 b5 10. Nxc6 dxc6 11. Nb6 Rb8 12. Nxc8 Rxc8 13. Bd3 Be7 14. a4
Qb7 15. Qe2 Nd7 16. axb5 cxb5 17. f4 Bc5 18. f5 e5 19. Bxc5 Nxc5 20. f6 g6 21.
Qe3 h5 22. Ra3 Rc6 23. Rc3 Nd7 24. Rxc6 Qxc6 25. Qg5 Kd8 26. Rd1 Kc8 27. Kh1
Re8 28. c4 b4 1/2-1/2

[Event "Harbin U20 op"]
[Site "Harbin"]
[Date "2018.01.27"]
[Round "7"]
[White "Hou, Yifan B"]
[Black "Mordido, Kylen Joy"]
[Result "1-0"]
[WhiteElo "1729"]
[BlackElo "1873"]
[PlyCount "81"]
[EventDate "2018.01.24"]
[EventType "tourn"]
[EventRounds "9"]
[EventCountry "CHN"]
[SourceTitle "CBM 182 Extra"]
[Source "ChessBase"]
[SourceDate "2018.02.23"]
[SourceVersion "1"]
[SourceVersionDate "2018.02.23"]
[SourceQuality "1"]

1. d4 Nf6 2. Nf3 g6 3. g3 b6 4. Bg2 Bb7 5. O-O Bg7 6. c4 d6 7. Nc3 Nbd7 8. d5
O-O 9. Re1 Nc5 10. Qc2 Ba6 11. b3 Bc8 12. Rb1 e6 13. dxe6 Nxe6 14. Bb2 Bb7 15.
e4 Nc5 16. b4 Ne6 17. Rbd1 Nd7 18. Nd5 c6 19. Bxg7 Nxg7 20. Ne3 Qc7 21. Qd2 Nf6
22. Qxd6 Qxd6 23. Rxd6 Nxe4 24. Rd7 Bc8 25. Rd4 f5 26. Nd2 c5 27. bxc5 Ne6 28.
Bxe4 fxe4 29. Rxe4 Nxc5 30. Re7 Nd3 31. Re2 Bh3 32. Ne4 h6 33. Nd5 Rf7 34.
Nef6+ Kg7 35. R2e3 Nc5 36. Rxf7+ Kxf7 37. g4 Bxg4 38. Nxg4 Rc8 39. Re7+ Kf8 40.
Ne5 Kg8 41. Nf6+ 1-0

[Event "Harbin U20 op"]
[Site "Harbin"]
[Date "2018.01.27"]
[Round "8"]
[White "Ning, Kaiyu"]
[Black "Hou, Yifan B"]
[Result "1-0"]
[WhiteElo "2157"]
[BlackElo "1729"]
[PlyCount "120"]
[EventDate "2018.01.24"]
[EventType "tourn"]
[EventRounds "9"]
[EventCountry "CHN"]
[SourceTitle "CBM 182 Extra"]
[Source "ChessBase"]
[SourceDate "2018.02.23"]
[SourceVersion "1"]
[SourceVersionDate "2018.02.23"]
[SourceQuality "1"]

1. d4 d5 2. c4 e6 3. Nf3 Nf6 4. e3 Nbd7 5. Nc3 c6 6. cxd5 exd5 7. g3 Bd6 8. Bg2
O-O 9. O-O Re8 10. b3 Ne4 11. Nxe4 dxe4 12. Nd2 Nf6 13. Qc2 Bf5 14. Nc4 Bc7 15.
Bb2 Qd7 16. Ne5 Qe6 17. Rfd1 Rad8 18. Rac1 Bb8 19. a3 Rd5 20. b4 Nd7 21. Nxd7
Qxd7 22. Qe2 Bg4 23. f3 Bxf3 24. Bxf3 exf3 25. Qxf3 Rf5 26. Qe2 Qe6 27. e4 Rg5
28. Rd3 h5 29. Re1 a5 30. bxa5 h4 31. Kg2 Qg6 32. e5 c5 33. Qe4 f5 34. Qd5+ Kh8
35. Qf3 Rf8 36. Bc1 f4 37. Bxf4 Rg4 38. Kf2 cxd4 39. Qe4 Rf5 40. Qf3 Qh5 41.
Ke2 Bxe5 42. h3 Rxg3 43. Qxh5+ Rxh5 44. Bxg3 Bxg3 45. Rb1 Rxa5 46. Rxb7 Re5+
47. Kf3 Rf5+ 48. Ke4 Rf4+ 49. Kd5 Bf2 50. a4 Rf5+ 51. Kc4 Ra5 52. Ra3 Be3 53.
Rb5 Ra6 54. a5 g5 55. Rb6 Ra7 56. a6 g4 57. Rb8+ Kg7 58. Rb7+ Rxb7 59. axb7 Bf4
60. hxg4 Kf6 1-0

[Event "Harbin U20 op"]
[Site "Harbin"]
[Date "2018.01.28"]
[Round "9"]
[White "Hou, Yifan B"]
[Black "Karpinsky, Kirill"]
[Result "1/2-1/2"]
[WhiteElo "1729"]
[BlackElo "1939"]
[PlyCount "74"]
[EventDate "2018.01.24"]
[EventType "tourn"]
[EventRounds "9"]
[EventCountry "CHN"]
[SourceTitle "CBM 182 Extra"]
[Source "ChessBase"]
[SourceDate "2018.02.23"]
[SourceVersion "1"]
[SourceVersionDate "2018.02.23"]
[SourceQuality "1"]

1. d4 d5 2. Nf3 Nf6 3. c4 c6 4. e3 e6 5. Nc3 Nbd7 6. Bd3 dxc4 7. Bxc4 b5 8. Bd3
a6 9. O-O Bb7 10. Qe2 c5 11. Rd1 Qb6 12. Bc2 Be7 13. e4 cxd4 14. Nxd4 Ne5 15.
Bf4 Ng6 16. Be3 Bc5 17. a4 O-O 18. axb5 axb5 19. Qxb5 Qxb5 20. Ndxb5 Bxe3 21.
fxe3 Ng4 22. Rxa8 Rxa8 23. Re1 N6e5 24. h3 Nf6 25. Nd6 Rb8 26. b4 Ne8 27. Nxb7
Rxb7 28. Ba4 Nc7 29. b5 Nc4 30. Rb1 Kf8 31. Kf2 Ke7 32. Ke2 Na8 33. Rb4 Nab6
34. Bb3 Ne5 35. Rd4 Nc8 36. Kd2 Nd6 37. Rb4 Nc6 1/2-1/2

[Event "Harbin m"]
[Site "Harbin"]
[Date "2018.02.05"]
[Round "2"]
[White "Hou, Yifan"]
[Black "Karpov, Anatoly"]
[Result "0-1"]
[WhiteElo "2654"]
[BlackElo "2623"]
[PlyCount "85"]
[EventDate "2018.02.05"]
[EventType "match (rapid)"]
[EventRounds "6"]
[EventCountry "CHN"]
[SourceTitle "CBM 183"]
[Source "ChessBase"]
[SourceDate "2018.03.14"]
[SourceVersion "1"]
[SourceVersionDate "2018.03.14"]
[SourceQuality "1"]

1. e4 e5 2. Nf3 Nc6 3. Bb5 a6 4. Ba4 Nf6 5. d3 b5 6. Bb3 Be7 7. c3 O-O 8. a4
Bb7 9. O-O d6 10. Na3 Nb8 11. Ba2 c6 12. Nc2 Nbd7 13. Ne3 g6 14. h3 d5 15. exd5
cxd5 16. d4 e4 17. Ne5 Qc7 18. N5g4 Nxg4 19. Qxg4 Nf6 20. Qg5 Qd7 21. f4 Kg7
22. f5 h6 23. Qg3 Bd6 24. Qf2 g5 25. Bd2 bxa4 26. c4 Bf4 27. cxd5 Bxe3 28. Qxe3
Nxd5 29. f6+ Nxf6 30. d5 Nxd5 31. Bxd5 Qxd5 32. Bc3+ f6 33. Rad1 Qe6 34. Qc5
Rac8 35. Qb4 Bd5 36. Qd4 Rcd8 37. Qa7+ Rd7 38. Qe3 Kg6 39. g4 Bc6 40. Rxd7 Bxd7
41. Rd1 Bb5 42. Qc5 Rc8 43. Qe3 0-1

[Event "Harbin m"]
[Site "Harbin"]
[Date "2018.02.05"]
[Round "3"]
[White "Karpov, Anatoly"]
[Black "Hou, Yifan"]
[Result "0-1"]
[WhiteElo "2623"]
[BlackElo "2654"]
[PlyCount "100"]
[EventDate "2018.02.05"]
[EventType "match (rapid)"]
[EventRounds "6"]
[EventCountry "CHN"]
[SourceTitle "CBM 183"]
[Source "ChessBase"]
[SourceDate "2018.03.14"]
[SourceVersion "1"]
[SourceVersionDate "2018.03.14"]
[SourceQuality "1"]

1. d4 e6 2. c4 b6 3. d5 Bb7 4. a3 Nf6 5. Nc3 Qe7 6. Bg5 h6 7. Bh4 d6 8. e3 Nbd7
9. Rc1 c5 10. Nb5 Ne5 11. Bxf6 gxf6 12. Qa4 Kd8 13. Nc3 f5 14. Rd1 Qd7 15. Qc2
Rg8 16. a4 Be7 17. b3 Ke8 18. g3 Kf8 19. Bg2 Ng6 20. Kf1 Rd8 21. Nge2 a6 22. h4
Bf6 23. f4 e5 24. Bh3 Bc8 25. Kf2 Re8 26. h5 Ne7 27. Ng1 Qd8 28. Nf3 e4 29. Ng1
Rg7 30. Nge2 Ng8 31. a5 bxa5 32. Ra1 Qc7 33. Ra3 Bd8 34. Rha1 Nf6 35. Rxa5 Nxh5
36. Rxa6 Bxa6 37. Rxa6 Nxg3 38. Nxg3 Bh4 39. Nce2 Qe7 40. Ke1 Bxg3+ 41. Kd2
Be1+ 42. Kc1 Qf6 43. Kb1 Bf2 44. Qd2 Kg8 45. Kc2 Kh8 46. b4 cxb4 47. c5 b3+ 48.
Kxb3 Rb8+ 49. Rb6 Rgg8 50. Nd4 dxc5 0-1

[Event "Harbin m"]
[Site "Harbin"]
[Date "2018.02.05"]
[Round "4"]
[White "Hou, Yifan"]
[Black "Karpov, Anatoly"]
[Result "1/2-1/2"]
[WhiteElo "2654"]
[BlackElo "2623"]
[PlyCount "125"]
[EventDate "2018.02.05"]
[EventType "match (rapid)"]
[EventRounds "6"]
[EventCountry "CHN"]
[SourceTitle "CBM 183"]
[Source "ChessBase"]
[SourceDate "2018.03.14"]
[SourceVersion "1"]
[SourceVersionDate "2018.03.14"]
[SourceQuality "1"]

1. e4 e5 2. Nf3 Nc6 3. Bb5 a6 4. Ba4 Nf6 5. d3 b5 6. Bb3 Be7 7. a4 Rb8 8. axb5
axb5 9. O-O O-O 10. c3 d5 11. exd5 Nxd5 12. Re1 Bf6 13. Nbd2 Nf4 14. Ne4 Qxd3
15. Bxf4 Qxd1 16. Raxd1 exf4 17. Bd5 Rb6 18. Nxf6+ gxf6 19. Re4 Rd8 20. Rd2 Kg7
21. Rxf4 b4 22. h3 bxc3 23. bxc3 Ne7 24. Bc4 Rb1+ 25. Kh2 Rxd2 26. Nxd2 Rc1 27.
Rf3 Ng6 28. Nb3 Rc2 29. Nd4 Rc1 30. Re3 Ne5 31. Be2 Bd7 32. f4 Ng6 33. Kg3 Kf8
34. Bf3 Ne7 35. Be4 h6 36. Kf2 Ra1 37. g4 Ra2+ 38. Kg3 Ba4 39. Nf5 Nxf5+ 40.
Bxf5 Rd2 41. Kh4 Bd7 42. Be4 Be6 43. g5 fxg5+ 44. fxg5 hxg5+ 45. Kxg5 Kg7 46.
Rg3 Re2 47. Bf3 Re5+ 48. Kf4+ Kf6 49. h4 Rc5 50. Be2 Rf5+ 51. Ke3 Re5+ 52. Kd2
Re4 53. h5 Rh4 54. Ke3 c5 55. Bf3 Rc4 56. Kd3 Rh4 57. Rg1 Rh3 58. Ke4 Rh4+ 59.
Ke3 Rc4 60. Kd2 Rh4 61. Ke3 Rc4 62. Kd2 Rh4 63. Ke3 1/2-1/2

[Event "Harbin m"]
[Site "Harbin"]
[Date "2018.02.06"]
[Round "6"]
[White "Hou, Yifan"]
[Black "Karpov, Anatoly"]
[Result "1-0"]
[WhiteElo "2654"]
[BlackElo "2623"]
[PlyCount "105"]
[EventDate "2018.02.05"]
[EventType "match (rapid)"]
[EventRounds "6"]
[EventCountry "CHN"]
[SourceTitle "CBM 183"]
[Source "ChessBase"]
[SourceDate "2018.03.14"]
[SourceVersion "1"]
[SourceVersionDate "2018.03.14"]
[SourceQuality "1"]

1. c4 Nf6 2. g3 c6 3. Nf3 d5 4. Bg2 Bf5 5. O-O e6 6. cxd5 cxd5 7. d3 Nc6 8. Nc3
d4 9. Nb5 a6 10. Na3 Be7 11. Qb3 O-O 12. Nc4 b5 13. Nce5 Na5 14. Qd1 Rc8 15.
Bd2 Qb6 16. Bxa5 Qxa5 17. Nxd4 Qb6 18. Nxf5 exf5 19. d4 Rfd8 20. e3 Nd7 21. Nd3
Rc7 22. a4 Rdc8 23. a5 Qd6 24. b4 Rc4 25. Rb1 g6 26. Nc5 Nxc5 27. bxc5 Qc7 28.
Ra1 Rd8 29. Qb3 g5 30. Rfb1 f4 31. Bf1 fxe3 32. fxe3 Ra4 33. Rxa4 bxa4 34. Qb7
Qxb7 35. Rxb7 a3 36. Bc4 Kf8 37. Kf1 g4 38. Ke2 h5 39. c6 Rc8 40. d5 f5 41. Kd3
Bc5 42. Rh7 Kg8 43. Rxh5 Kg7 44. Rxf5 Rb8 45. Rf2 Re8 46. Bxa6 Rxe3+ 47. Kc4
Bd6 48. Bb7 Re4+ 49. Kb3 Rb4+ 50. Ka2 Ra4 51. a6 Ra5 52. Rc2 Bc7 53. d6 1-0

[Event "Grenke Chess Classic 5th"]
[Site "Karlsruhe/Baden-Baden"]
[Date "2018.04.02"]
[Round "3"]
[White "Hou, Yifan"]
[Black "Vachier Lagrave, Maxime"]
[Result "0-1"]
[WhiteElo "2654"]
[BlackElo "2789"]
[Annotator "Quintiliano,R"]
[PlyCount "92"]
[EventDate "2018.03.31"]
[EventType "tourn"]
[EventRounds "9"]
[EventCountry "GER"]
[EventCategory "20"]
[SourceTitle "CBM 184"]
[Source "ChessBase"]
[SourceDate "2018.05.16"]
[SourceVersion "1"]
[SourceVersionDate "2018.05.16"]
[SourceQuality "1"]

1. Nf3 c5 2. c4 Nf6 3. g3 g6 4. b3 Bg7 5. Bb2 b6 6. Bg2 Bb7 7. O-O O-O 8. d4
cxd4 9. Qxd4 Nc6 {Vachier Lagrave is the first to deviate from the most played
lines.} ({usually Black plays} 9... d6 {[%cal Yb8d7] developing the knight by
d7 and leaving the diagonal free for the Bb7.}) 10. Qc3 $5 {Hou Yifan's
response is even less played, although Aronian used the same move to beat MVL
in a rapid game.} (10. Qh4 {is the most played.}) (10. Qd2 {is also natural,
but} d5 $1 {is ok for Black.}) (10. Qf4 {was also played recently} Qb8 11. Qd2
{and now many simplifications took place} Ne4 12. Qc1 Ne5 13. Nc3 Nxc3 14. Bxc3
Nxf3+ 15. Bxf3 Bxf3 16. exf3 Bxc3 17. Qxc3 Qb7 18. Rfe1 d6 19. Rad1 Rad8 20. h4
$14 {Mekhitarian,K (2533)-Mecking,H (2597) 84th ch-BRA 2018 (3.2) 1-0 Despite
all the exchanges, White keeps the best chances dueto his small but pleasant
space advantage, and managed to win in}) 10... Qc7 $146 ({The previously
mentioned game went} 10... Rc8 11. Rd1 Qc7 12. Qe1 Qb8 13. Nc3 Rfd8 14. Rac1 e6
(14... d6 15. e4 $1 {this move is possible because of the queen's placement on
e1}) 15. Ng5 $5 h6 16. Nge4 Nxe4 17. Bxe4 Ne7 18. Ba3 $1 Nf5 19. Bxf5 gxf5 20.
Be7 Re8 21. Bd6 $16 {Aronian,L (2780)-Vachier Lagrave,M (2783) Leuven GCT
rapid 2017 (9) 1-0}) 11. Rd1 Rad8 {Vachier Lagrave has found the right plan
for Black.} 12. Na3 ({Now, if} 12. Qe1 {then} d5 $1 {and Black is fine.}) 12...
a6 13. Rac1 Rfe8 14. Qe1 {White has managed to avoid d5, but compared to the
game Aronian-MVL, her setup is not looking so great, mainly because of the Na3
being slightly misplaced.} Qb8 15. Nc2 ({Remembering the recent game
Kramnik-Grischuk from the Candidates, maybe} 15. Nb1 $5 {would be an
interesting way to improve this knight} b5 16. e4 d6 17. cxb5 axb5 18. Nc3 {
with an interesting position.}) 15... b5 $5 16. c5 (16. Ne3 $5 {seems playable.
}) 16... d5 $2 {Strategically very risky, and there was no reason to give
White an extra option.} (16... d6 {was safer.}) 17. cxd6 $2 {Both players seem
to underestimate the strength of White's passed pawn.} ({Hou Yifan could take
the advantage with} 17. Nfd4 $1 {[%csl Gc5] now Black's position becomes
unpleasant} Nxd4 (17... e5 18. Nxc6 Bxc6 19. Qa5 $16 {[%cal Yc2b4]}) (17... Na7
18. Nb4 $1 {[%cal Yc5c6]}) 18. Nxd4 Rc8 19. b4 e5 20. Nb3 $16) 17... Rxd6 18.
Rxd6 Qxd6 19. Nfd4 {White still keeps some pressure.} Nd5 (19... Nxd4 $1 20.
Bxb7 Qc7 $1 {is equal, and a better way to solve Black's problems.}) 20. Ba3
Qd7 21. Nxc6 Bxc6 22. e4 (22. Ne3 e6 23. Qa5 $1 {was very annoying for Black}
Qb7 24. Nxd5 Bxd5 25. Bxd5 exd5 26. Qc7 $1 Qxc7 27. Rxc7 $14 {with a pleasant
endgame for White.}) 22... Nc7 23. Nb4 {The knight is not ideally placed here,
as it blocks the access to the queenside by the queen.} (23. Rd1 Qc8 24. Ne3
$14 {[%cal Ye1a5]}) 23... Bb7 24. Rd1 Qc8 25. Qe3 a5 $1 {Now Black is ok.} 26.
Nd3 b4 27. Bb2 Bxb2 28. Nxb2 Nb5 {Although there are no problems for White yet,
as Black can improve the pieces, his position is also improved.} 29. Nc4 Nc3
30. Rd2 Rd8 $1 {This move contains a subtle idea.} 31. Nxa5 $6 {Now White
should be careful.} (31. a4 $1 {would be safer.}) 31... Rxd2 32. Qxd2 Ba6 $1 {
[%cal Yc8c5] White has a problem to solve now, as Qc5 is very annoying.} 33.
Bf1 $2 {And Hou Yifan doesn't finds the best way to solve her position.} (33.
Bf3 $1 {was the only move} Qc5 34. Nc4 Bxc4 35. bxc4 Kg7 (35... Qxc4 36. Qd8+
Kg7 37. Qxe7 Nxa2 38. Qe5+ Kf8 39. Qh8+ Ke7 40. e5 $13 {[%cal Yh8f6]}) 36. a3
$1 {and White is ok} Qxc4 37. axb4 Qxb4 38. e5 $11) (33. h4 Ne2+ 34. Kh2 Qc5
$17 {[%csl Ra5,Rf2]}) 33... Bxf1 34. Kxf1 Qa8 $1 {[%csl Ya5,Ye4] White's
situation is harder than it may look.} 35. Nc4 Qxe4 {[%cal Re4h1]} 36. Kg1 Ne2+
37. Kf1 Nd4 $1 $19 {Black wins a pawn by force now, and the victory is pretty
easy.} 38. f3 (38. f4 Qh1+ 39. Kf2 Qxh2+ $19) 38... Qxf3+ 39. Qf2 Qh1+ 40. Qg1
Qe4 $1 41. Qf2 f6 42. Ne3 Kf7 43. h4 Qh1+ 44. Qg1 Qxg1+ 45. Kxg1 Ne2+ 46. Kf2
Nc3 0-1

[Event "CHN-chT"]
[Site "Hangzhou"]
[Date "2018.06.20"]
[Round "2.4"]
[White "Hou, Yifan B"]
[Black "Zhu, Kaizhen"]
[Result "1-0"]
[WhiteElo "1811"]
[BlackElo "1873"]
[PlyCount "57"]
[EventDate "2018.06.19"]
[EventType "team-swiss"]
[EventRounds "9"]
[EventCountry "CHN"]
[SourceTitle "CBM 185 Extra"]
[Source "ChessBase"]
[SourceDate "2018.07.29"]
[SourceVersion "1"]
[SourceVersionDate "2018.07.29"]
[SourceQuality "1"]
[WhiteTeam "Heilongjiang"]
[BlackTeam "Hangzhou"]
[WhiteTeamCountry "CHN"]
[BlackTeamCountry "CHN"]

1. d4 Nf6 2. c4 c5 3. Nf3 cxd4 4. Nxd4 g6 5. g3 Bg7 6. Bg2 O-O 7. O-O a6 8. Nc3
Qc7 9. b3 Nc6 10. Bb2 d6 11. Rc1 Nxd4 12. Qxd4 Be6 13. Rfd1 Rab8 14. Na4 b6 15.
Nc3 Rfc8 16. Nd5 Bxd5 17. cxd5 Qb7 18. Rc6 Ne8 19. Qd2 Bxb2 20. Qxb2 Rxc6 21.
dxc6 Qc7 22. a4 b5 23. axb5 Rxb5 24. Bf3 Qb6 25. Rd3 Nc7 26. Re3 Ne6 27. Bg4
Qxc6 28. Rxe6 Rc5 29. Bf3 1-0

[Event "CHN-chT"]
[Site "Hangzhou"]
[Date "2018.06.21"]
[Round "4.3"]
[White "Hou, Yifan B"]
[Black "Zhao, Zhouqiao"]
[Result "0-1"]
[WhiteElo "1811"]
[BlackElo "2223"]
[PlyCount "106"]
[EventDate "2018.06.19"]
[EventType "team-swiss"]
[EventRounds "9"]
[EventCountry "CHN"]
[SourceTitle "CBM 185 Extra"]
[Source "ChessBase"]
[SourceDate "2018.07.29"]
[SourceVersion "1"]
[SourceVersionDate "2018.07.29"]
[SourceQuality "1"]
[WhiteTeam "Heilongjiang"]
[BlackTeam "Tianjin"]
[WhiteTeamCountry "CHN"]
[BlackTeamCountry "CHN"]

1. d4 Nf6 2. Nf3 g6 3. c4 Bg7 4. g3 b6 5. Bg2 Bb7 6. O-O O-O 7. Nc3 Ne4 8. Qc2
Nxc3 9. bxc3 Nc6 10. Rb1 Na5 11. Nd2 Bxg2 12. Kxg2 c5 13. e3 Qc7 14. Ba3 d6 15.
Rfc1 Qc6+ 16. Kg1 Rae8 17. Bb2 e5 18. a4 f5 19. Re1 e4 20. Ba3 g5 21. Rb5 Rf7
22. Reb1 Bf8 23. Qd1 Qd7 24. Qe2 Qe6 25. Re1 Be7 26. d5 Qe5 27. Nb3 Nxb3 28.
Rxb3 Bd8 29. Bc1 Ref8 30. Bd2 Qe8 31. Ra3 Rg7 32. Raa1 Rf6 33. Kg2 h5 34. Rh1
h4 35. Kf1 Rh6 36. Ke1 hxg3 37. fxg3 Rgh7 38. Kd1 Qh5 39. Qxh5 Rxh5 40. Rf1 g4
41. Be1 Rxh2 42. Rxf5 Rf7 43. Rf4 Rxf4 44. exf4 Kg7 45. Bd2 Rg2 46. Be1 Kg6 47.
Rc1 Ra2 48. Rc2 Rxa4 49. Rh2 Ra1+ 50. Ke2 Ra2+ 51. Bd2 Bf6 52. Ke1 e3 53. f5+
Kxf5 0-1

[Event "CHN-chT"]
[Site "Hangzhou"]
[Date "2018.06.22"]
[Round "5.5"]
[White "Gu, Jiazhen"]
[Black "Hou, Yifan B"]
[Result "0-1"]
[WhiteElo "1904"]
[BlackElo "1811"]
[PlyCount "158"]
[EventDate "2018.06.19"]
[EventType "team-swiss"]
[EventRounds "9"]
[EventCountry "CHN"]
[SourceTitle "CBM 185 Extra"]
[Source "ChessBase"]
[SourceDate "2018.07.29"]
[SourceVersion "1"]
[SourceVersionDate "2018.07.29"]
[SourceQuality "1"]
[WhiteTeam "Shanghai"]
[BlackTeam "Heilongjiang"]
[WhiteTeamCountry "CHN"]
[BlackTeamCountry "CHN"]

1. Nf3 Nf6 2. c4 e6 3. d4 b6 4. g3 Bb7 5. Bg2 Be7 6. O-O O-O 7. Nc3 Ne4 8. Qd3
Nxc3 9. bxc3 f5 10. Be3 Be4 11. Qd1 Nc6 12. Nd2 Bxg2 13. Kxg2 Bf6 14. Qc2 Qe7
15. f3 Na5 16. Bf2 Bg5 17. e3 Rae8 18. Qd3 d6 19. Nb3 Nb7 20. Rae1 Qf7 21. h4
Bf6 22. d5 Kh8 23. e4 fxe4 24. Rxe4 e5 25. Rg4 Be7 26. Nd2 Qf5 27. Qxf5 Rxf5
28. Re4 Ref8 29. Be3 h5 30. Rb1 Kh7 31. Rb3 Rg8 32. Kh2 g5 33. g4 Rf7 34. gxh5
gxh4 35. Rg4 Rf5 36. h6 Bg5 37. Bxg5 Rfxg5 38. Kh3 Kxh6 39. Kxh4 Rxg4+ 40. fxg4
Rf8 41. Kg3 Rf4 42. Rb1 Nc5 43. Rh1+ Kg6 44. Rh8 Ne4+ 45. Nxe4 Rxe4 46. Rg8+
Kf7 47. Rc8 Rxc4 48. Kh4 Rxc3 49. Kg5 Kg7 50. Re8 Rf3 51. a4 a6 52. Ra8 Rf8 53.
Rxa6 e4 54. a5 bxa5 55. Rxa5 e3 56. Ra2 Re8 57. Re2 Re5+ 58. Kf4 Kf6 59. Kg3
Kg5 60. Kf3 Rxd5 61. Rxe3 c5 62. Re8 Rd3+ 63. Ke2 c4 64. Rg8+ Kf6 65. g5+ Kf7
66. Rc8 d5 67. Rd8 Ke6 68. g6 Rg3 69. Rg8 Ke5 70. g7 Kd4 71. Kf2 Rg6 72. Kf3
Kc3 73. Rd8 Rxg7 74. Rxd5 Re7 75. Rb5 Kd3 76. Rd5+ Kc2 77. Kf4 c3 78. Kf3 Kc1
79. Kf2 c2 0-1

[Event "CHN-chT"]
[Site "Hangzhou"]
[Date "2018.06.23"]
[Round "7.3"]
[White "Hou, Yifan B"]
[Black "Liu, Qingnan"]
[Result "0-1"]
[WhiteElo "1811"]
[BlackElo "2546"]
[PlyCount "80"]
[EventDate "2018.06.19"]
[EventType "team-swiss"]
[EventRounds "9"]
[EventCountry "CHN"]
[SourceTitle "CBM 185 Extra"]
[Source "ChessBase"]
[SourceDate "2018.07.29"]
[SourceVersion "1"]
[SourceVersionDate "2018.07.29"]
[SourceQuality "1"]
[WhiteTeam "Heilongjiang"]
[BlackTeam "Shandong"]
[WhiteTeamCountry "CHN"]
[BlackTeamCountry "CHN"]

1. d4 d6 2. Nf3 g6 3. c4 Bg7 4. g3 Nf6 5. Bg2 O-O 6. O-O Nc6 7. Nc3 a6 8. h3
Rb8 9. e4 b5 10. d5 Na5 11. cxb5 axb5 12. Nd4 b4 13. Nce2 Ba6 14. Qa4 c5 15.
Nc6 Qd7 16. Re1 Nxc6 17. Qxc6 Qxc6 18. dxc6 e5 19. f4 Rfc8 20. fxe5 dxe5 21. a3
Rxc6 22. Be3 bxa3 23. bxa3 Rb3 24. Nc1 Rc3 25. a4 Bf8 26. Ra2 Bc4 27. Rb2 Ra3
28. Rb8 Kg7 29. Ra8 Ba6 30. g4 c4 31. g5 Nh5 32. Kh2 Bb4 33. Rd1 Rxe3 34. Rdd8
Nf6 35. Na2 Be1 36. Bf1 Rf3 37. Bg2 Ra3 38. Nc1 Bg3+ 39. Kg1 Ra1 40. gxf6+ Rxf6
0-1

[Event "CHN-chT"]
[Site "Hangzhou"]
[Date "2018.06.25"]
[Round "9.8"]
[White "Hou, Yifan B"]
[Black "Liu, Chuming"]
[Result "1/2-1/2"]
[WhiteElo "1811"]
[BlackElo "1463"]
[PlyCount "68"]
[EventDate "2018.06.19"]
[EventType "team-swiss"]
[EventRounds "9"]
[EventCountry "CHN"]
[SourceTitle "CBM 185 Extra"]
[Source "ChessBase"]
[SourceDate "2018.07.29"]
[SourceVersion "1"]
[SourceVersionDate "2018.07.29"]
[SourceQuality "1"]
[WhiteTeam "Heilongjiang"]
[BlackTeam "Shanxi"]
[WhiteTeamCountry "CHN"]
[BlackTeamCountry "CHN"]

1. d4 d5 2. Nf3 Nf6 3. c4 c6 4. e3 e6 5. Nc3 Nbd7 6. Bd3 Bd6 7. O-O O-O 8. b3
dxc4 9. Bxc4 b5 10. Bd3 Bb7 11. Bb2 Re8 12. Rc1 a6 13. Ne4 Nxe4 14. Bxe4 Rc8
15. Ne5 Nxe5 16. dxe5 Be7 17. Qf3 Qc7 18. Rc2 Ba8 19. Rfc1 c5 20. Bd4 Bxe4 21.
Qxe4 Qa5 22. g3 b4 23. Qf3 Rc7 24. Qe2 Rec8 25. Ba1 h6 26. Rc4 Qb5 27. Qc2 Bd8
28. Bb2 Qa5 29. Rd1 Be7 30. Bc1 Rd8 31. Rxd8+ Bxd8 32. e4 Be7 33. Be3 Rc8 34.
f4 Qc7 1/2-1/2